ბათუმის შოთა რუსთაველის სახელმწიფო უნივერსიტეტის ბიბლიოთეკა

ალი გამურულ შუშაში.მოთხრობები (ბიბ.ჩანაწერი № 43489)

000 -LEADER
fixed length control field 00766nam a2200229Ia 4500
001 - CONTROL NUMBER
control field 10220
003 - CONTROL NUMBER IDENTIFIER
control field GE_BSU
008 - FIXED-LENGTH DATA ELEMENTS--GENERAL INFORMATION
fixed length control field 181216s||||||||xx |||||||||||||| ||und||
020 ## - INTERNATIONAL STANDARD BOOK NUMBER
International Standard Book Number 9992839260
040 ## - CATALOGING SOURCE
Transcribing agency GE_BSU
080 ## - UNIVERSAL DECIMAL CLASSIFICATION NUMBER
Universal Decimal Classification number 821.353.1–32
100 ## - MAIN ENTRY--PERSONAL NAME
Personal name სამადაშვილი,ზაალ
245 ## - TITLE STATEMENT
Title ალი გამურულ შუშაში.მოთხრობები
245 ## - TITLE STATEMENT
Statement of responsibility, etc. რედ.ლევან თითმერია.მხატვ.მიმინოშვილი.
260 ## - PUBLICATION, DISTRIBUTION, ETC.
Place of publication, distribution, etc. თბილისი
260 ## - PUBLICATION, DISTRIBUTION, ETC.
Name of publisher, distributor, etc. საარი
260 ## - PUBLICATION, DISTRIBUTION, ETC.
Date of publication, distribution, etc. 2001
300 ## - PHYSICAL DESCRIPTION
Extent 379გვ.18სმ.
653 ## - INDEX TERM--UNCONTROLLED
Uncontrolled term ალი გამურულ შუშაში.
653 ## - INDEX TERM--UNCONTROLLED
Uncontrolled term მოთხრობები
942 ## - ADDED ENTRY ELEMENTS (KOHA)
Koha item type წიგნი
ეგზემპლარები
Withdrawn status Lost status Damaged status Not for loan Date acquired Barcode Date last seen Price effective from Koha item type
        2018-12-17 33800 2018-12-17 2018-12-17 წიგნი